000 00343nam a22001217a 4500
020 _a020141998x
082 _222
_a005.72
100 _aLie, Hakon Willm and Bos, Bert.
245 _aCascading style sheets :
_bdesigning for the web /
260 _aUSA,
_bAddison Wesley longman,
_cc1997.
300 _axv, 279p. ;
_bill. ;
_c24 cm.
942 _2ddc
_cIT
999 _c1495
_d1495